000 nam a22 7a 4500
999 _c10915
_d10915
008 180308b ||||| |||| 00| 0 eng d
100 _aBhandari,V.k.etal.
_96725
245 _aSuper Simplified Mathematics-X
260 _aJalandar
_bS.Dinesh
_c2012